| 000 | 00751cab a2200229 4500 | ||
|---|---|---|---|
| 001 | ABS57662 | ||
| 008 | 090401t1997 xxu||||| |||| 00| 0 eng d | ||
| 035 | _a(Sirsi) u80717 | ||
| 041 | _aeng | ||
| 100 | _aPavan, M | ||
| 245 | _aMergers in professional services - know your bride | ||
| 260 | _c1997 | ||
| 350 | _a0 | ||
| 490 |
_aProfessional Practice Management _v15(8) August 1997, 114-115(2) |
||
| 520 | _aA study of mergers in professional services, looking at their recent increase and how they are perceived in the culture of the organisation. | ||
| 650 | _aMERGERS | ||
| 650 | _aPARTNERSHIPS | ||
| 650 | _aPRACTICE MANAGEMENT | ||
| 690 | _aMANAGEMENT-BUSINESS MANAGEMENT-PROFESSIONAL PRACTICE | ||
| 942 | _n0 | ||
| 948 | _c08/09/1997 | ||
| 999 |
_c50818 _d50818 |
||